000 00580nam a2200217Ia 4500
003 OSt
005 20220926035857.0
006 a|||||r|||| 00| 0
007 ta
008 220923b |||||||| |||| 00| 0 eng d
037 _cGeneral Book
040 _aRTL
_cRTL
_beng
041 _2eng
_aeng
082 _aX:8F, J2 D&W
100 _aMurphy Mary E Ed.
_9342894
245 0 _aSelected readings in accounting and auditing
_b Prin
260 _c1952
650 _aBudgeting
942 _hX:8F, J2 D&W
_cGB
_2CC
999 _c663311
_d663311